000 00361nam a22001457a 4500
008 250428b |||||||| |||| 00| 0 eng d
020 _a9789352731060
040 _a04
100 _aSHARMA, A.M
245 _aPERSONAL & HUMAN RESOURCE MANAGEMENT
260 _aHIMALAYA PUBLISHING HOUSE
300 _a610
650 _aHUMAN RESOURCE MANAGEMENT
942 _c06
999 _c65480
_d65480